Mi libro de experimentos : (Registro nro. 37348)
[ vista simple ]
| 000 -CABECERA | |
|---|---|
| Longitud fija campo de control | 00836nam a2200229 4500 |
| 003 - • IDENTIFICADOR DELl NÚMERO DE CONTROL | |
| Identificador del número de control | CO-ViMGA |
| 020 ## - • NÚMERO INTERNACIONAL NORMALIZADO PARA LIBROS | |
| Número Internacional Normalizado para Libros (ISBN) | 9789583043925 |
| 040 ## - FUENTE DE LA CATALOGACIÓN | |
| Centro catalogador de origen | CO-ViMGA |
| Lengua de catalogación | spa |
| Centro transcriptor | CO-ViMGA |
| 082 04 - • NÚMERO DE LA CLASIFICACIÓN DECIMAL DEWEY | |
| Número de clasificación (R) | I 530.7 S11m |
| 100 1# - • PUNTO DE ACCESO PRINCIPAL-NOMBRE DE PERSONA | |
| Nombre de persona | Saan, Anita van |
| 245 10 - • TITULO PROPIAMENTE DICHO | |
| Título | Mi libro de experimentos : |
| Resto del título | Imanes, calor, luz y más / |
| Mención de responsabilidad, etc. | Anita Van Saan ; ilustrado por Petra Theissen |
| 300 ## - • DESCRIPCIÓN FÍSICA | |
| Extensión | 50 p : |
| Otras características físicas | il., col. |
| 501 ## - • NOTA DE "CON" | |
| Nota de "Con" | 1. Aire y calor. 2. Fuerza y movimiento. 3. Luces y sombras. 4. Agua y hielo. 5.Electricidad y magnetismo |
| 650 14 - • PUNTO DE ACCESO ADICIONAL DE MATERIA - TÉRMINO DE MATERIA | |
| Término de materia o nombre geográfico como elemento inicial | Agua |
| Subdivisión de materia general | Experimentos |
| 650 14 - • PUNTO DE ACCESO ADICIONAL DE MATERIA - TÉRMINO DE MATERIA | |
| Término de materia o nombre geográfico como elemento inicial | Aire |
| Subdivisión de materia general | Experimentos |
| 650 14 - • PUNTO DE ACCESO ADICIONAL DE MATERIA - TÉRMINO DE MATERIA | |
| Término de materia o nombre geográfico como elemento inicial | Calor |
| Subdivisión de materia general | Experimentos |
| 650 14 - • PUNTO DE ACCESO ADICIONAL DE MATERIA - TÉRMINO DE MATERIA | |
| Término de materia o nombre geográfico como elemento inicial | Electricidad |
| Subdivisión de materia general | Experimentos |
| 650 14 - • PUNTO DE ACCESO ADICIONAL DE MATERIA - TÉRMINO DE MATERIA | |
| Término de materia o nombre geográfico como elemento inicial | Magnetismo |
| Subdivisión de materia general | Experimentos |
| 700 1# - • PUNTO DE ACCESO ADICIONAL - NOMBRE DE PERSONA | |
| Nombre de persona | Theissen, Petra |
| Término indicativo de función | il. |
| 942 ## - ENTRADA DE ELEMENTOS AGREGADOS (KOHA) | |
| Fuente de clasificaión o esquema | Dewey Decimal Classification |
| Koha [por defecto] tipo de item | LIbro |
| Perdido | Fuente de clasificación o esquema | Estado Físico | No para préstamo | Forma de adquisición | Localización permanente | Localización actual | Fecha adquisición | Préstamos totales | Signatura completa | Código de barras | Fecha última consulta | Fecha último préstamo | Fecha del precio de reemplazo | Tipo de item de Koha |
|---|---|---|---|---|---|---|---|---|---|---|---|---|---|---|
| Dewey Decimal Classification | Sala Infantil Segundo Piso | Biblioteca Pública Germán Arciniegas - Villavicencio | Biblioteca Pública Germán Arciniegas - Villavicencio | 04/17/2020 | 1 | I 530.7 S11m | 33367 | 10/21/2022 | 10/18/2022 | 04/17/2020 | LIbro | |||
| Dewey Decimal Classification | Sala Infantil Segundo Piso | Biblioteca Pública Germán Arciniegas - Villavicencio | Biblioteca Pública Germán Arciniegas - Villavicencio | 04/17/2020 | I 530.7 S11m | 33368 | 04/17/2020 | 04/17/2020 | LIbro |